<?xml version="1.0" encoding="UTF-8"?>
<marc:record xmlns:marc="http://www.loc.gov/MARC21/slim">
   <marc:leader>00000nam a2200000 a 4500</marc:leader>
   <marc:datafield ind1="1" ind2=" " tag="100">
      <marc:subfield code="a">Kutos, Julian</marc:subfield>
      <marc:subfield code="4">aut</marc:subfield>
      <marc:subfield code="e">Verfasser/-in</marc:subfield>
   </marc:datafield>
   <marc:datafield ind1=" " ind2=" " tag="653">
      <marc:subfield code="a">Kochbuch</marc:subfield>
   </marc:datafield>
   <marc:datafield ind1=" " ind2=" " tag="653">
      <marc:subfield code="a">Softcover / Ratgeber/Essen</marc:subfield>
   </marc:datafield>
   <marc:datafield ind1=" " ind2=" " tag="653">
      <marc:subfield code="a">Trinken/Themenkochbücher</marc:subfield>
   </marc:datafield>
   <marc:datafield ind1=" " ind2=" " tag="653">
      <marc:subfield code="a">vegetarische Rezepte</marc:subfield>
   </marc:datafield>
   <marc:datafield ind1=" " ind2=" " tag="653">
      <marc:subfield code="a">leckere vegetarische Rezepte</marc:subfield>
   </marc:datafield>
   <marc:datafield ind1=" " ind2=" " tag="653">
      <marc:subfield code="a">vegetarisch für Anfänger</marc:subfield>
   </marc:datafield>
   <marc:datafield ind1=" " ind2=" " tag="653">
      <marc:subfield code="a">vegetarisch für Gäste</marc:subfield>
   </marc:datafield>
   <marc:datafield ind1=" " ind2=" " tag="653">
      <marc:subfield code="a">vegetarisch kochen</marc:subfield>
   </marc:datafield>
   <marc:datafield ind1=" " ind2=" " tag="653">
      <marc:subfield code="a">vegetarisch kochen Ideen</marc:subfield>
   </marc:datafield>
   <marc:datafield ind1=" " ind2=" " tag="653">
      <marc:subfield code="a">vegetarisch kochen einfach</marc:subfield>
   </marc:datafield>
   <marc:datafield ind1=" " ind2=" " tag="653">
      <marc:subfield code="a">vegetarische Hauptgerichte</marc:subfield>
   </marc:datafield>
   <marc:datafield ind1=" " ind2=" " tag="653">
      <marc:subfield code="a">vegetarische Rezepte schnell</marc:subfield>
   </marc:datafield>
   <marc:datafield ind1=" " ind2=" " tag="653">
      <marc:subfield code="a">was vegetarisch kochen</marc:subfield>
   </marc:datafield>
   <marc:datafield ind1=" " ind2=" " tag="653">
      <marc:subfield code="a">wenig Zutaten</marc:subfield>
   </marc:datafield>
   <marc:datafield ind1="0" ind2="0" tag="245">
      <marc:subfield code="a">Veggie</marc:subfield>
   </marc:datafield>
   <marc:datafield ind1="0" ind2="0" tag="245">
      <marc:subfield code="b">einfach vegetarisch genießen</marc:subfield>
   </marc:datafield>
   <marc:datafield ind1="0" ind2="0" tag="245">
      <marc:subfield code="c">Julian Kutos</marc:subfield>
   </marc:datafield>
   <marc:datafield ind1=" " ind2="1" tag="264">
      <marc:subfield code="a">Innsbruck</marc:subfield>
      <marc:subfield code="b">Löwenzahn</marc:subfield>
   </marc:datafield>
   <marc:datafield ind1="1" ind2=" " tag="490">
      <marc:subfield code="a">Simply</marc:subfield>
   </marc:datafield>
   <marc:datafield ind1=" " ind2=" " tag="250">
      <marc:subfield code="a">1. Auflage</marc:subfield>
   </marc:datafield>
   <marc:datafield ind1="1" ind2=" " tag="520">
      <marc:subfield code="a">Angaben aus der Verlagsmeldung&lt;br/&gt;&lt;br/&gt;Simply Veggie : Einfach vegetarisch genießen / von Julian Kutos&lt;br/&gt;&lt;br/&gt;Es ist ganz einfach, schmackhafte Vielfalt in die vegetarische Küche zu bringen! Denn vegetarisch Kochen ist mehr als Gemüse. Julian Kutos präsentiert seine besten fleischlosen Gerichte und zeigt, wie diese bei dir zuhause ganz einfach gelingen. Leichte asiatische Sommerrollen, mediterranes French Sandwich mit Ziegenkäse-Dip, gesunde Burger mit Süßkartoffel-Patty oder erfrischende Kokos-Panna Cotta: Von der Vorspeise über Suppen, Brote, Salate, Hauptgerichte und Desserts ist Unkompliziertheit und Genuss angesagt.&lt;br/&gt;&lt;br/&gt;SCHRITT FÜR SCHRITT SELBSTGEMACHT&lt;br/&gt;Weil die einfachen Dinge manchmal doch recht knifflig sind, erklärt er die wichtigsten Grundrezepte Schritt für Schritt und mit vielen Bildern: Wie macht man Wraps selber? Wie gelingt eine Gemüsesuppe am besten? Und was braucht man für einwandfreie Crêpes? Viele der Rezepte sind schnell nachgekocht und für Gäste präsentiert Julian Kutos raffiniert zusammengestellte Menüs.&lt;br/&gt;&lt;br/&gt;- Best of vegetarisch: die beliebtesten Klassiker und moderne Veggie-Gerichte in einem Kochbuch&lt;br/&gt;- mit wenigen Zutaten schnell etwas Gesundes kochen&lt;br/&gt;- Schritt-für-Schritt-Fotos und Erklärungen zu wichtigen Grundrezepten&lt;br/&gt;- viele Tipps und Tricks vom Profi: damit jedes Essen ganz sicher gelingt&lt;br/&gt;- ausgewählte Getränke-Empfehlungen für ein rundum gelungenes Essen&lt;br/&gt;- mit Bildern zum Reinbeißen von Food-Fotograf Wolfgang Hummer&lt;br/&gt;&lt;br/&gt;Frisch, modern und unaufgeregt vermittelt Julian Kutos in seinen Kochkursen und Büchern, wie einfach es ist, gut zu kochen. Was es dafür braucht? Spaß, beste Zutaten und die Liebe zu den kleinen Details, die jedes Rezept zu etwas Besonderem machen! Einfach köstlich, einfach zum Schwelgen!&lt;br/&gt;&lt;br/&gt;Weitere Bücher in der Kochbuch-Reihe:&lt;br/&gt;Simply Pasta, Pizza &amp; Co. Einfach italienisch genießen&lt;br/&gt;Simply Quick. Einfach schnell was Gutes kochen</marc:subfield>
   </marc:datafield>
   <marc:datafield ind1=" " ind2=" " tag="020">
      <marc:subfield code="a">9783706626194</marc:subfield>
      <marc:subfield code="9">9783706626194</marc:subfield>
   </marc:datafield>
   <marc:datafield ind1=" " ind2=" " tag="041">
      <marc:subfield code="a">ger</marc:subfield>
   </marc:datafield>
   <marc:datafield ind1="1" ind2=" " tag="521">
      <marc:subfield code="a">0</marc:subfield>
   </marc:datafield>
   <marc:datafield ind1=" " ind2=" " tag="300">
      <marc:subfield code="a">191 Seiten</marc:subfield>
   </marc:datafield>
</marc:record>
